Say it loud : middle-class Blacks talk about racism and what to do about it /

Bibliographic Details
Main Author: Barnes, Annie S.
Format: Book
Language:English
Published: Cleveland, Ohio : Pilgrim Press, 2000.
Subjects:

MARC

Tag First Indicator Second Indicator Subfields
LEADER 00000cam a22000004a 4500
001 in00001566521
005 20151022085817.0
008 990518s2000 ohu b 000 0 eng
010 |a  99034474  
020 |a 0829813365 (cloth : alk. paper) 
035 |a (OCoLC)ocm41431759 
040 |a DLC  |c DLC  |d C#P  |d TXA  |d UtOrBLW 
042 |a pcc 
043 |a n-us--- 
049 |a TXAM 
050 0 0 |a E185.86  |b .B374 2000 
082 0 0 |a 305.896073  |2 21 
100 1 |a Barnes, Annie S. 
245 1 0 |a Say it loud :  |b middle-class Blacks talk about racism and what to do about it /  |c Annie Barnes. 
264 1 |a Cleveland, Ohio :  |b Pilgrim Press,  |c 2000. 
300 |a 177 pages ;  |c 21 cm. 
336 |a text  |b txt  |2 rdacontent 
337 |a unmediated  |b n  |2 rdamedia 
338 |a volume  |b nc  |2 rdacarrier 
504 |a Includes bibliographical references (pages 175-177). 
650 0 |a African Americans  |x Social conditions  |y 1975- 
650 0 |a Middle class  |z United States. 
650 0 |a Racism  |z United States. 
651 0 |a United States  |x Race relations. 
994 |a E0  |b TXA 
948 |a cataloged  |b h  |c 2000/11/16  |d c  |e bhartsfi  |f 4:47:36 pm 
999 |a MARS 
999 f f |s 0102b6a9-f230-3788-afdb-a2d6316e9e79  |i e0287482-559a-3e75-a701-9c9fa0493295  |t 0 
952 f f |p ric  |a Texas A&M University  |b Rellis Campus  |c Joint Library Facility  |d Remote Storage  |t 0  |e E185.86 .B374 2000  |h Library of Congress classification  |i unmediated -- volume  |m A14826951399 
998 f f |a E185.86 .B374 2000  |t 0  |l Remote Storage